Welcome to CU Library Online Public Access Catalogue (OPAC)

Chemistry and our changing world / (Record no. 1793)

MARC details
000 -LEADER
fixed length control field 00619pam a2200205 a 4500
001 - CONTROL NUMBER
control field 2805630
005 - DATE AND TIME OF LATEST TRANSACTION
control field 20241129194157.0
008 - FIXED-LENGTH DATA ELEMENTS--GENERAL INFORMATION
fixed length control field 820713s1983 njua 001 0 eng
020 ## - INTERNATIONAL STANDARD BOOK NUMBER
International Standard Book Number 0131293613 :
Terms of availability $23.95 (est.)
050 00 - LIBRARY OF CONGRESS CALL NUMBER
Classification number QD31.2 .S483 1983
Item number .S483 1983
082 00 - DEWEY DECIMAL CLASSIFICATION NUMBER
Classification number 540
Edition information 19
100 1# - MAIN ENTRY--PERSONAL NAME
Personal name Sherman, Alan.
245 10 - TITLE STATEMENT
Title Chemistry and our changing world /
Statement of responsibility, etc. Alan Sherman, Sharon J. Sherman.
260 ## - PUBLICATION, DISTRIBUTION, ETC.
Place of publication, distribution, etc. Englewood Cliffs, N.J. :
Name of publisher, distributor, etc. Prentice-Hall,
Date of publication, distribution, etc. c1983.
300 ## - PHYSICAL DESCRIPTION
Extent xxiii, 568 p. :
Other physical details ill. ;
Dimensions 25 cm.
500 ## - GENERAL NOTE
General note Includes index.
650 #0 - SUBJECT ADDED ENTRY--TOPICAL TERM
Topical term or geographic name entry element Chemistry.
700 1# - ADDED ENTRY--PERSONAL NAME
Personal name Sherman, Sharon J.
942 ## - ADDED ENTRY ELEMENTS (KOHA)
Source of classification or shelving scheme Library of Congress Classification
Koha item type Books
Suppress in OPAC No
999 ## -
-- 1793
-- 1793
Holdings
Withdrawn status Lost status Source of classification or shelving scheme Damaged status Not for loan Collection Home library Current library Shelving location Date acquired Total checkouts Full call number Barcode Date last seen Copy number Price effective from Koha item type
    Library of Congress Classification     Non-fiction Science Library (Miotso) Science Library (Miotso) General stacks 11/29/2024   QD31.2 .S483 SHE SLM00000971 11/29/2024 1 11/29/2024 Books
© 2023-2024 Copyright: Central University Libraries. All Rights Reserved | Created by: Mahone Tech Office